याद किया दिल ने : (Record no. 53200)
[ view plain ]
| 000 -LEADER | |
|---|---|
| fixed length control field | 00881nam a2200205Ia 4500 |
| 005 - DATE AND TIME OF LATEST TRANSACTION | |
| control field | 20260429112249.0 |
| 008 - FIXED-LENGTH DATA ELEMENTS--GENERAL INFORMATION | |
| fixed length control field | 260429s9999||||xx |||||||||||||| ||und|| |
| 020 ## - INTERNATIONAL STANDARD BOOK NUMBER | |
| International Standard Book Number | 9789390971756 |
| 041 ## - LANGUAGE CODE | |
| Language | Hindi |
| 082 ## - DEWEY DECIMAL CLASSIFICATION NUMBER | |
| Classification number | 780.92 |
| Item number | BAJ |
| 100 ## - MAIN ENTRY--PERSONAL NAME | |
| Personal name | बाजपेयी, त्रिनेत्र |
| 245 #0 - TITLE STATEMENT | |
| Title | याद किया दिल ने : |
| Remainder of title | हिंदी सिनेमा के सबसे गौरवशाली संगीत निर्देशकों का जीवन और कृतित्व / |
| Statement of responsibility, etc | त्रिनेत्र बाजपेयी |
| 250 ## - EDITION STATEMENT | |
| Edition statement | 1st ed. |
| 260 ## - PUBLICATION, DISTRIBUTION, ETC. (IMPRINT) | |
| Place of publication, distribution, etc | नई दिल्ली : |
| Name of publisher, distributor, etc | राजकमल प्रकाशन, |
| Date of publication, distribution, etc | 2022. |
| 300 ## - PHYSICAL DESCRIPTION | |
| Extent | 457 p.; Hb |
| 650 ## - SUBJECT ADDED ENTRY--TOPICAL TERM | |
| Topical term or geographic name as entry element | सिनेमा |
| 700 ## - ADDED ENTRY--PERSONAL NAME | |
| Personal name | धीर, युगांक |
| 700 ## - ADDED ENTRY--PERSONAL NAME | |
| Personal name | बाजपेयी, अंशुला |
| 942 ## - ADDED ENTRY ELEMENTS (KOHA) | |
| Koha item type | Text Books |
| Withdrawn status | Lost status | Damaged status | Not for loan | Collection code | Home library | Location | Shelving location | Date of Cataloging | Source of acquisition | Total Checkouts | Full call number | Barcode | Date last seen | Price effective from | Koha item type |
|---|---|---|---|---|---|---|---|---|---|---|---|---|---|---|---|
| Non-fiction | CUTN Central Library | CUTN Central Library | Arts & Sports | 29/04/2026 | Segment Book Distributors, New Delhi - Invoice No. 71458 on 09-02-2026 | 780. 92 BAJ | 58528 | 29/04/2026 | 29/04/2026 | Text Books |
